Регионална библиотека "Любен Каравелов" - Русе

Маншон, Полуобувка и Мъхеста брада (Запис номер 145233)

MARC детайли
000 -Лидер
Контролно поле с фиксирана дължина nam a22 a 4500
003 - Код на организацията, давaща контролен номер
Контролно поле BLK
005 - Дата и час на последна редакция
Контролно поле 20230126160205.0
008 - Елементи от данни с фиксирана дължина
fixed length control field 180410b bul|||||r ||||||| ||bul||
010 ## - Наследен системен номер
LC control number KNG00151406000
040 ## - Източник на каталожния запис
Идентификатор на билиотеката - собственик на записа BLK
041 ## - Код за език
Код за езика на текст/звукозапис или на отделно заглавие Български
Код за езика КДБФ Български
080 ## - УДК
Текстов определител УДК Естонска литература
УДК код - определител по УДК 821.511.113
УДК определител -93-32
УДК - код + определител 821.511.113-93-32
100 1# - Редна дума - Автор
Автор Рауд, Ено
Авторска отговорност първи автор
R(LIN) 115364
139 ## - Редно поле
Редна дума Рауд, Ено
Авторски знак Рас - Р 38
245 10 - Сведения за заглавието
Заглавие Маншон, Полуобувка и Мъхеста брада
Подзаглавни данни Приказна повест за деца
Редно поле (дума) Ено Рауд; прев. от ест. Дора Стоянова Янева; худож. Едгар Валтер; * Дора Стоянова Янева-Медникарова.
257 ## - Страна на издаване
Страна на създаване/издаване Естония
260 ## - Област на издателските данни
Място на издаване, разпространение и проч. София
Име на издателя, разпространителя и проч. Отечество
Година на издаване 1980
300 ## - Физическа характеристика
Страници 272 с.
Илюстрации и др. с ил.
Размери/Мащаб 24 см
380 ## - Жанр
Жанр Детска худож. лит.
490 ## - СЕРИИ (Колекции)
Име на серия Библиотека Вълшебници
9 (RLIN) 202267
500 ## - Общи забележки
Забележка Ориг. загл. Naksitrallid / Eno Raud. - 60 115 тир.
653 ## - Ключова дума – ненормативна
Ключова дума приказни повести
653 ## - Ключова дума – ненормативна
Ключова дума детска литература
653 ## - Ключова дума – ненормативна
Ключова дума литература за деца
700 1# - Други автори (авторска отговорност)
Лично име Янева, Дора Стоянова
Автороска отговорност (Описва отношението между автора и произведението) прев. от ест.
9 (RLIN) 328607
700 1# - Други автори (авторска отговорност)
Лично име Валтер, Едгар
Автороска отговорност (Описва отношението между автора и произведението) худож.
9 (RLIN) 328608
700 1# - Други автори (авторска отговорност)
Лично име Янева-Медникарова, Дора Стоянова
Автороска отговорност (Описва отношението между автора и произведението) *
9 (RLIN) 365173
852 ## - Местоположение
Форматна сигнатура Цб 262626
856 4# - Електронен адрес и достъп
Електронен формат pdf - файл
Инструкция (цена за достъп) 2.07
Права за достъп disable
856 4# - Електронен адрес и достъп
Електронен формат pdf - файл
Инструкция (цена за достъп) 2.07
Права за достъп disable
999 ## - СИСТЕМНИ КОНТРОЛНИ НОМЕРА
Koha biblionumber 145233
Koha biblioitemnumber 145233
942 ## - АРТИКУЛИ
Вид на библиотечния материал Книги
Скрит в OPAC Не
Koha issues (borrowed), all copies 6
Периодичен библиозапис Да
944 ## - СЪЗДАВАНЕ И РЕДАКЦИЯ на ЗАПИСА
Създаване/Редакция Създаване
Дата на регистрацията/редакция 04.10.2013
Статус, дата на статуса ф / 04.10.2013
Служител, извършил регистрацията/редакцията Виолета_Тройчева
944 ## - СЪЗДАВАНЕ И РЕДАКЦИЯ на ЗАПИСА
Създаване/Редакция Редакция
Дата на регистрацията/редакция 07.12.2017
Статус, дата на статуса ф / 04.10.2013
Служител, извършил регистрацията/редакцията Виолета_Тройчева
999 ## - СИСТЕМНИ КОНТРОЛНИ НОМЕРА
Koha biblioitemnumber 145233
Наличности
Код за отписване Код за изгубен артикул Източник на класификационната схема Код за повреда Коз за рестрикции Код за отдаване Артикулен № Име на библиотеката - собственик Име на библиотеката, в която се намира в момента Статус (Текущо местоположение) Дата на вписване в системата Местоположение - отдел Цена в лева Инвентарен номер Систематично азбучна сигнатура Баркод Номер на екземпляра Цена в евро Служебна бележка Служебен тип на артикула
  Не е изгубен Universal Decimal Classification Не е повреден без рестрикции ползва се в читалня 241114 Регионална библиотека "Любен Каравелов" Русе Регионална библиотека "Любен Каравелов" Русе Хранилище 1980-01-01 Хранилище 2.07 301928 Цб 262626 120000301928 1 1.06 Дост: Dp Вид: Д N: стар фонд Дата: 01.01.1980 Книги
Изтеглен Не е изгубен Universal Decimal Classification Не е повреден без рестрикции заемане за дома 241115 Регионална библиотека "Любен Каравелов" Русе Регионална библиотека "Любен Каравелов" Русе Детски отдел 2014-09-12 Детски отдел 2.07 120000780720 ДХ 820/899/Р 38 120000780720 2 1.06 Дост: DA Вид: А N: 18 Дата: 12.09.2014 Дата инв: 10.08.2015 Бележки инв: Д2015 Книги
Vip Innovations Ltd, Rousse, Bulgaria 2025